000 01114cam a2200313 a 4500
001 14193340
003 ARRUPE
005 20141103142309.0
008 051208s2006 nyu 000 0 eng
010 _a 2005035935
015 _aGBA625630
_2bnb
016 7 _a013409260
_2Uk
020 _a1583227180 (pbk. : alk. paper)
020 _a9781583227183
035 _a(OCoLC)ocm62561097
035 _a(OCoLC)62561097
040 _aDLC
_cDLC
_dUKM
_dBAKER
_dC#P
_dVP@
_dDLC
050 0 0 _aPR9369.3.D41
_bS3 2006
082 0 0 _a821/.914
_222
100 1 _aDe Kok, Ingrid,
_d1951-
_95915
245 1 0 _aSeasonal fires :
_bnew and selected poems /
_cIngrid de Kok.
250 _a1st Seven Stories Press ed.
260 _aNew York :
_bSeven Stories Press,
_c2006.
300 _a186 p. ;
_c21 cm.
856 4 1 _3Table of contents
_uhttp://www.loc.gov/catdir/toc/ecip064/2005035935.html
906 _a7
_bcbc
_corignew
_d1
_eecip
_f20
_gy-gencatlg
942 _2lcc
_cMONOGRAPH
999 _c121159
_d121159